000 00486nam 22001813 4500
001 201080
090 _a201080
100 _a20260309d u||y0pory50 ba
200 _aHistória do cinema
_fLo Duca
210 _aLisboa
_cPublicações Europa-América
_d1949
215 _a149 p.
_cil. ; encadernado
_d18 cm
225 _aSaber
606 _916666
_aCinema. Filmes
675 _a791
_vPT
_zpor
700 _916730
_aDuca
_bLo
_f1910-2004
801 _aPT
_bBMMN
_gRPC
830 _cVanda
990 _cLIVROS